[Event "TCh-ESP CECLUB Div Honor 2012"]
[Site "Leon ESP"]
[Date "2012.11.07"]
[Round "3.3"]
[White "Hernando Pertierra,J"]
[Black "Gomez Esteban,J"]
[Result "1/2-1/2"]
[WhiteElo "2375"]
[BlackElo "2466"]

1.Nf3 d5 2.g3 c5 3.Bg2 Nf6 4.O-O g6 5.c4 d4 6.b4 cxb4 7.a3 bxa3 8.d3 Nc6
9.Bxa3 Bg7 10.Nbd2 O-O 11.Qc2 Rb8 12.Nb3 b6 13.Bb2 Ne8 14.Qd2 Bb7 15.c5 Nc7
16.cxb6 axb6 17.Rfc1 Nb5 18.Rc4 Qd7 19.Rac1 Rfc8 20.h4 h6 21.h5 gxh5 22.Kh2 Nd6
23.R4c2 Nf5 24.Bh3 Qd5 25.Nc5 bxc5 26.Rxc5 Qd6 27.Bxf5 e6 28.Bh3 Ne7 29.Ba3 Rxc5
30.Bxc5 Qd8 31.Bxe7 Qxe7 32.Qf4  1/2-1/2

[Event "Subzonal 2.3 2012"]
[Site "Pamplona COL"]
[Date "2012.11.07"]
[Round "5.19"]
[White "Ruge,E"]
[Black "Arango,Elis"]
[Result "1-0"]
[WhiteElo "2227"]
[BlackElo "1931"]

1.Nf3 d5 2.g3 g6 3.Bg2 Bg7 4.O-O Nf6 5.d3 O-O 6.Nbd2 Nbd7 7.Re1 Nb6 8.c3 c6
9.e4 dxe4 10.dxe4 Bg4 11.Qc2 Qc8 12.Nf1 Nc4 13.Bf4 Nh5 14.Bg5 Re8 15.b3 Na3
16.Qb2 Nb5 17.Rac1 Rd8 18.a4 Nxc3 19.Rxc3 Rd3 20.e5 Rxf3 21.Rxf3 Bxf3 22.Bxf3  1-0

[Event "WY BU18 2012"]
[Site "Maribor SLO"]
[Date "2012.11.09"]
[Round "2"]
[White "Mons,L"]
[Black "Anton Guijarro,D"]
[Result "1/2-1/2"]
[WhiteElo "2332"]
[BlackElo "2559"]

1.Nf3 d5 2.g3 g6 3.Bg2 Bg7 4.c4 Nf6 5.O-O O-O 6.b3 c5 7.Bb2 d4 8.b4 Nfd7
9.d3 Nc6 10.a3 a5 11.bxc5 Nxc5 12.Nbd2 e5 13.Rb1 Bd7 14.Ba1 Qe7 15.Qc2 a4
16.Ne1 Na5 17.Qd1 Nab3 18.Nc2 Bc6 19.Nb4 Bxg2 20.Kxg2 Kh8 21.Bb2 f5 22.Nxb3 axb3
23.Nd5 Qd6 24.e3 b5 25.exd4 exd4 26.Re1 Rfe8 27.Qd2 Qc6 28.Kg1 Nxd3 29.Qxd3 bxc4
30.Nb4 Qc5 31.Qd1 Rxe1+ 32.Qxe1 c3 33.Qe2 cxb2 34.Qxb2 Qc3 35.Qxb3 Rxa3 36.Qf7 Ra8
37.Nd5 Qc8 38.Rb7 Qg8 39.Qxg8+ Kxg8 40.Rd7 Ra6 41.Kg2 Be5 42.Re7 Bg7 43.Rd7 Kf8
44.Nc7 Rb6 45.f4 h6 46.h3 Kg8 47.Rd8+ Kh7 48.Rd7 Rb7 49.g4 Rb2+ 50.Kf3 Rb3+
51.Kg2 Re3 52.Nd5 Re6 53.Kf3 Ra6 54.Nc7 Ra7 55.Kf2 h5 56.g5 h4 57.Kf1 Rb7
58.Kf2  1/2-1/2

[Event "WY GU18 2012"]
[Site "Maribor SLO"]
[Date "2012.11.09"]
[Round "2"]
[White "Enkhtuul,A"]
[Black "Goryachkina,A"]
[Result "0-1"]
[WhiteElo "2134"]
[BlackElo "2378"]

1.Nf3 d5 2.g3 c6 3.Bg2 Bg4 4.O-O Nd7 5.d4 Ngf6 6.Ne5 Bf5 7.c4 e6 8.Nc3 Be7
9.cxd5 exd5 10.a3 O-O 11.b4 a6 12.Nxd7 Nxd7 13.Bb2 Nb6 14.e4 dxe4 15.Nxe4 Bxe4
16.Bxe4 Nd5 17.Qb3 Qd7 18.Rac1 Rfe8 19.Rc2 Rad8 20.Bxd5 cxd5 21.Kg2 Bf6 22.Rfc1 Re7
23.Rc5 h5 24.h4 Qe6 25.Qf3 g6 26.R1c2 Bg7 27.Rc7 Red7 28.Rxd7 Qxd7 29.Qf4 Rc8
30.Qc1 Re8 31.Qf4 Re4 32.Qf3 Qe6 33.Rd2 Qc6 34.Qc3 Qxc3 35.Bxc3 Re6 36.Rd3 Kf8
37.Kf3 Rc6 38.Bd2 Rc4 39.Be3 Rc2 40.Rb3 Ke7 41.b5 a5 42.Rd3 Kd7 43.Bd2 b6
44.Bf4 Bf8 45.Be5 Ra2 46.Kg2 Rxa3 47.Rd1 Rc3 48.Ra1 Bd6 49.Bf6 Rb3 50.Ra2 Rxb5
51.Bg5 Rb4 52.Be3 a4 53.Kf3 b5 54.Ke2 Rc4 55.Kd3 a3 56.Bd2 b4 57.Ra1 b3 58.Bc3 b2
59.Rd1 Bb4 60.Bxb2 axb2 61.Rb1 Ba3  0-1

[Event "Bundesliga 2012-13"]
[Site "Eppingen GER"]
[Date "2012.11.10"]
[Round "3"]
[White "Thiede,L"]
[Black "Guliyev,N"]
[Result "0-1"]
[WhiteElo "2441"]
[BlackElo "2546"]

1.Nf3 d5 2.g3 c6 3.Bg2 Bg4 4.c4 e6 5.Qa4 Nf6 6.Ne5 Bf5 7.g4 Be4 8.f3 Bd6
9.fxe4 Bxe5 10.exd5 O-O 11.Qb3 Nxg4 12.Qh3 f5 13.Nc3 Na6 14.e3 Nb4 15.Ke2 exd5
16.cxd5 Qa5 17.d3 Nxd3 18.dxc6 Bxc3 19.bxc3 Ndf2 20.Qf3 Qb5+ 21.Ke1 Nd3+
22.Kd2 Rad8 23.Kc2 Qa4+ 24.Kb1 bxc6  0-1

[Event "Bundesliga 2012-13"]
[Site "Norderstedt GER"]
[Date "2012.11.10"]
[Round "3"]
[White "Romanov,E"]
[Black "Ernst,S"]
[Result "1/2-1/2"]
[WhiteElo "2611"]
[BlackElo "2554"]

1.Nf3 d5 2.g3 c6 3.Bg2 Bg4 4.O-O Nd7 5.d3 Ngf6 6.h3 Bh5 7.Qe1 e5 8.e4 dxe4
9.dxe4 Bc5 10.Nbd2 O-O 11.Nc4 Qe7 12.Nh4 Rfe8 13.Bd2 Qe6 14.Na5 b6 15.Nb3 Qc4
16.g4 Bg6 17.Bc3 Bd4 18.Bxd4 exd4 19.Nxg6 hxg6 20.Qd1 c5 21.f4 Qe6 22.Re1 Rad8
23.Qf3 Nf8 24.g5 Nh5 25.Rad1 Qd6 26.e5 Qd7 27.Re4 Ne6 28.c3 Qa4 29.cxd4 cxd4
30.Qf2 Qxa2 31.Nxd4 Nexf4 32.Rxf4 Nxf4 33.Qxf4 Qxb2 34.Kh2 Qb4 35.Qg4 Qc5
36.Nc6 Rxd1 37.Qxd1 a5 38.Qd7 Rxe5 39.Nxe5 Qxe5+ 40.Kh1 Qe1+ 41.Kh2 Qe5+
42.Kh1 Qe1+ 43.Kh2 Qe5+  1/2-1/2

[Event "WY BU18 2012"]
[Site "Maribor SLO"]
[Date "2012.11.11"]
[Round "4"]
[White "Gabuzyan,H"]
[Black "Cori,J"]
[Result "1/2-1/2"]
[WhiteElo "2500"]
[BlackElo "2531"]

1.Nf3 d5 2.g3 c6 3.Bg2 Bg4 4.O-O Nd7 5.d4 e6 6.Nbd2 Ngf6 7.Re1 Be7 8.e4 dxe4
9.Nxe4 O-O 10.Nxf6+ Bxf6 11.c3 c5 12.dxc5 Nxc5 13.h3 Bh5 14.Be3 Qc7 15.Qe2 Bg6
16.Rad1 Rfd8 17.Qc4 Rdc8 18.Re2 Qe7 19.Qb5 a6 20.Qb6 Na4 21.Qb3 Nc5 22.Qa3 Qf8
23.Bd4 Rd8 24.Red2 Be7 25.Bxc5 Rxd2 26.Nxd2 Bxc5 27.b4 Bb6 28.Nc4 Rd8 29.Qc1 Ba7
30.Bxb7 h5 31.Bf3 h4 32.g4 Rxd1+ 33.Qxd1 Qc8 34.Qe2 Qc7 35.Ne5 Qxc3 36.Nxg6 fxg6
37.Qxe6+ Kh7 38.Kg2 Qd2 39.Qe2 Qxb4 40.Qxa6 Qd4 41.Qe2 Qf4 42.Qe7 Bb8 43.Qxh4+ Qh6
44.Qd8 Qf4 45.Qb6 Qh2+ 46.Kf1 Qxh3+ 47.Ke2 Bf4 48.a4 Qh4 49.a5 Qe7+ 50.Kf1 Bc7
51.Qb7 Qc5 52.Bd1 Kh6 53.a6 Bb6 54.Qf3 Kg5 55.Kg2 Qd4 56.Qe2 Qd5+ 57.Kg1 Qd6
58.Qf3 Qf4 59.Kg2 Qxf3+ 60.Kxf3 Kf6 61.Ke4 Ke6 62.f3 g5 63.Be2 Kd6 64.Kf5 Be3
65.Kg6 Kc7 66.f4 Bxf4  1/2-1/2

[Event "Bundesliga 2012-13"]
[Site "Wiesbaden GER"]
[Date "2012.11.11"]
[Round "4"]
[White "Nikolic,Pr"]
[Black "Grabarczyk,M"]
[Result "1/2-1/2"]
[WhiteElo "2638"]
[BlackElo "2450"]

1.Nf3 d5 2.g3 Nf6 3.Bg2 Bg4 4.O-O Nbd7 5.d3 e5 6.h3 Bxf3 7.Bxf3 c6 8.e4 dxe4
9.dxe4 Bc5 10.Nd2 O-O 11.Qe2 a5 12.Bg2 a4 13.Nc4 b5 14.Ne3 Re8 15.Bd2 g6
16.b4 axb3 17.axb3 Nb6 18.Kh2 Qe7 19.Ng4 Nbd7 20.Nxf6+ Nxf6 21.h4 Kg7 22.Bh3 Red8
23.Rxa8 Rxa8 24.Bg5 h6 25.Bxf6+  1/2-1/2

[Event "Brno Open 2012"]
[Site "Brno CZE"]
[Date "2012.11.12"]
[Round "3"]
[White "Wojtczak,M"]
[Black "Waisberg,A"]
[Result "1-0"]
[WhiteElo "2219"]
[BlackElo "1965"]

1.Nf3 d5 2.g3 c6 3.Bg2 f5 4.O-O Nf6 5.d4 e6 6.c4 Bd6 7.Nc3 O-O 8.Bf4 Bxf4
9.gxf4 Qe8 10.Ne5 Qh5 11.e3 Qxd1 12.Rfxd1 Nbd7 13.cxd5 exd5 14.Na4 Re8 15.b4 Ne4
16.Bf1 Nb6 17.Nc5 Nxc5 18.bxc5 Nd7 19.Nxd7 Bxd7 20.Rab1 Rab8 21.a4 b6 22.Ba6 b5
23.axb5 cxb5 24.Rb4 Kf7 25.Rdb1 Ke6 26.Kf1 Bc6 27.Ke1 Kd7 28.Kd2 Kc7 29.Kc3 Bd7
30.R4b2 b4+ 31.Rxb4 Rxb4 32.Rxb4 Bc6 33.Rb1 Rf8 34.Rg1 Rf7 35.Rg3 Bb7 36.Bxb7 Kxb7
37.Rh3 g6 38.Rh6 a5 39.h4  1-0

[Event "WY BU18 2012"]
[Site "Maribor SLO"]
[Date "2012.11.12"]
[Round "5.38"]
[White "Petrosyan,T1"]
[Black "Hiti,D"]
[Result "1-0"]
[WhiteElo "2378"]
[BlackElo "2061"]

1.Nf3 d5 2.g3 g6 3.Bg2 Bg7 4.O-O e5 5.d3 Ne7 6.Na3 O-O 7.c4 c6 8.Rb1 Nd7
9.b4 Nb6 10.Bb2 f6 11.c5 Nd7 12.Qc2 a6 13.e4 Re8 14.exd5 Nxd5 15.Ba1 a5 16.b5 Bf8
17.d4 exd4 18.Nxd4 Nxc5 19.bxc6 bxc6 20.Nxc6 Qd6 21.Nd4 Bb7 22.Rxb7 Nxb7
23.Qb3 Qxa3 24.Bxd5+ Kh8 25.Qxb7 Rab8 26.Qa6 Bg7 27.Ne6 Qe7 28.Rc1  1-0

[Event "WY BU14 2012"]
[Site "Maribor SLO"]
[Date "2012.11.12"]
[Round "6.25"]
[White "Huber,Mart AUT"]
[Black "Malhotra,Tarun"]
[Result "1/2-1/2"]
[WhiteElo "2150"]
[BlackElo "1946"]

1.Nf3 d5 2.g3 c6 3.Bg2 Nf6 4.c4 Bf5 5.cxd5 cxd5 6.Qb3 Qb6 7.Qxb6 axb6 8.Nc3 Bd7
9.Ne5 Bc6 10.O-O e6 11.d4 Nbd7 12.Nxc6 bxc6 13.Bf4 Be7 14.Rfc1 O-O 15.Rc2 Nh5
16.Bd2 f5 17.Rac1 Nhf6 18.a3 h6 19.h4 Bd6 20.Bf4 Bxf4 21.gxf4 c5 22.dxc5 bxc5
23.e3  1/2-1/2

[Event "WY GU18 2012"]
[Site "Maribor SLO"]
[Date "2012.11.12"]
[Round "6"]
[White "Enkhtuul,A"]
[Black "Nguyen Thi Mai Hung"]
[Result "1-0"]
[WhiteElo "2134"]
[BlackElo "2269"]

1.Nf3 d5 2.g3 Bf5 3.Bg2 e6 4.O-O Nf6 5.c4 c6 6.d3 Be7 7.b3 O-O 8.Bb2 h6 9.Nbd2 Nbd7
10.Bc3 a5 11.a3 Re8 12.Re1 Bh7 13.Ne5 Nxe5 14.Bxe5 Qb6 15.Nf3 Rad8 16.Bd4 Qc7
17.Qc1 Nd7 18.Qb2 Bf8 19.cxd5 exd5 20.b4 axb4 21.axb4 Ra8 22.Rac1 Ra4 23.b5 Rb4
24.Qa2 Rxb5 25.Nd2 Qa5 26.Qc2 Ra8 27.Ra1 Qd8 28.Rab1 Rxb1 29.Rxb1 Qc8 30.Rc1 Bf5
31.Bxd5 Ba3 32.Bb2 Nf6 33.Bg2 Qe6 34.Ra1 Qxe2 35.Rxa3 Rxa3 36.Bxa3 Ng4 37.Bc5 Ne5
38.Be3 Qe1+ 39.Nf1 Bxd3 40.Qc1 Qe2 41.Nd2 Qh5 42.Bd4 f6 43.Bxe5 Qxe5 44.Nf3 Qe7
45.Qc3 Bg6 46.Nh4 Bf7 47.Nf5 Qd7 48.Ne3 Kh8 49.Be4 Qe7 50.Bf3 Bg6 51.h4 Bf7
52.Kg2 Qd6 53.Nf5 Qd7 54.Qc5 Kh7 55.Nd6 Be6 56.Qb4 Qe7 57.Qe4+ g6 58.Nxb7 f5
59.Qe5 f4 60.gxf4 Qd7 61.Nc5 Bh3+ 62.Kg3 Qc8 63.Ne4 Qe6 64.Qxe6 Bxe6 65.Nc5 Bf7
66.Bxc6 Kg7 67.Ne4 Be6 68.Kf3 Kf7 69.Ke3 Bg4 70.Kd4 Ke6 71.Bd5+ Kf5 72.Ke3 Bd1
73.Nc3 Bc2 74.Be4+ Bxe4 75.Nxe4 Kg4 76.Nf6+ Kxh4 77.Kf3 g5 78.f5 h5 79.Ne4 g4+
80.Kf4 Kh3 81.f6  1-0

[Event "WY BU14 2012"]
[Site "Maribor SLO"]
[Date "2012.11.12"]
[Round "6.56"]
[White "Guo,Hong-Da Tony D."]
[Black "Bennett,Rhys"]
[Result "1-0"]
[WhiteElo "1920"]
[BlackElo "1769"]

1.Nf3 d5 2.g3 Nf6 3.Bg2 Bg4 4.d3 Nbd7 5.Nbd2 c6 6.O-O e5 7.b3 Bd6 8.Bb2 O-O
9.h3 Bxf3 10.Bxf3 Re8 11.e4 dxe4 12.dxe4 Bc5 13.Qe2 Qc7 14.Rfd1 b5 15.c4 Qb6
16.a3 Rac8 17.b4 Bf8 18.c5 Qc7 19.Nf1 Be7 20.Ne3 Nf8 21.Nf5 g6 22.Nxe7+ Rxe7
23.Rd6 Ne8 24.Rad1 Qb7 25.Bg4 Rb8 26.Qf3 f6 27.Qb3+ Kg7 28.f4 exf4 29.e5 fxe5
30.gxf4 Nxd6 31.cxd6 Rf7 32.fxe5 Rf4 33.e6+ Kh6 34.Bc1 g5 35.Bxf4 gxf4 36.d7 Qb6+
37.Kg2 Qd8 38.Qd3 Ng6 39.Qd6 Nh4+ 40.Kh2 Rb6 41.Qxf4+ Kg6 42.Qf7+ Kg5 43.Qh5+ Kf6
44.Qxh4+  1-0

[Event "Fujairah Masters 2012"]
[Site "Fujairah City UAE"]
[Date "2012.11.13"]
[Round "1.20"]
[White "Andriasian,Z"]
[Black "Elarbi,A"]
[Result "1-0"]
[WhiteElo "2604"]
[BlackElo "2272"]

1.Nf3 d5 2.g3 Nf6 3.Bg2 g6 4.c4 c6 5.d4 Bg7 6.O-O O-O 7.Qb3 Nbd7 8.cxd5 cxd5
9.Nc3 e6 10.Bf4 a6 11.Rac1 Qe7 12.Na4 b5 13.Nc5 Nxc5 14.dxc5 Ne4 15.Nd2 Nxd2
16.Bxd2 a5 17.e4 d4 18.e5 Ra7 19.Rfe1 b4 20.c6 Qc7 21.Rc5 Re8 22.Qa4 Bf8
23.Rb5 Be7 24.Rc1 Rd8 25.Rb7 Bxb7 26.cxb7 Qb8 27.Qb5 Kg7 28.h4 h6 29.Qb6 Rd5
30.Bxd5 exd5 31.Qxd4 Qxb7 32.e6+ f6 33.h5 Ra6 34.Qg4 g5 35.Qf5 Bf8 36.Qg6+ Kh8
37.Qxf6+ Qg7 38.Qxg7+ Kxg7 39.Rc7+ Kf6 40.Rf7+ Kxe6  1-0

[Event "22nd World Seniors Open"]
[Site "Kamena Vourla GRE"]
[Date "2012.11.14"]
[Round "2.36"]
[White "Urbanc,V"]
[Black "Baeta,M"]
[Result "0-1"]
[WhiteElo "1916"]
[BlackElo "2066"]

1.Nf3 d5 2.g3 c5 3.Bg2 Nc6 4.d4 e6 5.O-O Nf6 6.a3 cxd4 7.Nxd4 Qb6 8.Nxc6 bxc6
9.c4 Ba6 10.cxd5 cxd5 11.b4 Be7 12.Be3 Qc6 13.Nc3 O-O 14.Rc1 Qd7 15.Na4 Bxe2
16.Nc5 Qb5 17.Qd4 Bxf1 18.Bxf1 Bxc5 19.Rxc5 Qb8 20.Bf4 Qb6 21.Bc7 Qb7 22.Be5 Ne8
23.Qg4 f5 24.Qg5 Rc8 25.Ra5 h6 26.Qe3 Ra8 27.Ra6 Qd7 28.a4 Nf6 29.Bb5 Qf7
30.Bxf6 Qxf6 31.Rxe6 f4 32.Qe1 Qd4 33.Rg6 fxg3 34.hxg3 Rf3 35.Qe6+ Kh7 36.Qe2 Raf8
37.Re6 Rxg3+ 38.Kf1 Rgf3 39.Ke1 Qxb4+ 40.Qd2 Qb1+ 41.Qd1 Qxd1+ 42.Kxd1 Rxf2
43.Rd6 g5 44.Rxd5 g4 45.Bd3+ Kg7 46.Rd4 h5 47.Rd7+ R8f7 48.Rd5 Kh6 49.Rd8 g3
50.Rh8+ Kg5 51.Rg8+ Kf4 52.Bg6 Rb7 53.Ke1 Rbb2 54.Bxh5 Rb1+ 55.Bd1 Rxd1+
56.Kxd1 g2 57.Rf8+ Ke3 58.Re8+ Kd4 59.Rd8+ Kc5 60.Rc8+ Kb6 61.a5+ Kxa5 62.Rc5+ Kb4
63.Rc3 g1=Q+  0-1

[Event "22nd World Seniors Open"]
[Site "Kamena Vourla GRE"]
[Date "2012.11.14"]
[Round "2.44"]
[White "Guaglianone,M"]
[Black "Cooper,Ni"]
[Result "1/2-1/2"]
[WhiteElo "2017"]
[BlackElo "1753"]

1.Nf3 d5 2.g3 Nf6 3.Bg2 Nbd7 4.O-O c6 5.d3 e6 6.Nbd2 Bd6 7.e4 O-O 8.Qe2 dxe4
9.dxe4 e5 10.Nc4 Bc7 11.Rd1 Qe7 12.Nh4 Nb6 13.Ne3 g6 14.b3 Be6 15.Bb2 Rad8
16.f3 Rxd1+ 17.Rxd1 Rd8 18.Bf1 Rxd1 19.Qxd1 Nbd7 20.Kg2 Bb6 21.Bc1 Qb4 22.Qd2 Qc5
23.Bd3 Qd4 24.c3 Qd6 25.Nc4 Bxc4 26.Bxc4 Qc5 27.Qe1 Ba5 28.Be3 Qa3 29.b4 Bb6
30.Bc1 Qa4 31.Qe2 a6 32.Bb3 Qb5 33.Qxb5 axb5 34.a4 bxa4 35.Bxa4 Kf8 36.Kf1 Ke7
37.Ke2 Ne8 38.g4 Nd6 39.Kd3 c5 40.Bb3 cxb4 41.cxb4 Bd4 42.Bd5 b5 43.h3 Nb6
44.f4 Nxd5 45.exd5 Bf2 46.fxe5 Bxh4 47.exd6+ Kxd6 48.Ke4 Be1 49.Ba3 f5+ 50.gxf5 gxf5+
51.Kxf5 Kxd5 52.Kf6 Bc3+ 53.Kf7 Kc4 54.Kg8 h5 55.Kh7 Bd2 56.Bb2 h4 57.Bf6 Be1
58.Be7 Bxb4 59.Bxh4 Bc5 60.Be1 Bd4 61.h4 Bc3 62.Bxc3 Kxc3  1/2-1/2

[Event "FIDE WCh Women World Cup"]
[Site "Khanty-Mansiysk RUS"]
[Date "2012.11.14"]
[Round "2.1"]
[White "Galliamova,A"]
[Black "Gunina,V"]
[Result "1/2-1/2"]
[WhiteElo "2468"]
[BlackElo "2517"]

1.Nf3 d5 2.g3 c6 3.Bg2 Bg4 4.c4 e6 5.cxd5 exd5 6.O-O Bd6 7.d3 Ne7 8.e4 Nd7
9.h3 Bh5 10.Nc3 O-O 11.exd5 cxd5 12.d4 Qb6 13.Qb3 Qxb3 14.axb3 Nc6 15.g4 Bg6
16.Nxd5 Be4 17.Bf4 Bxf4 18.Nxf4 Bxf3 19.Bxf3 Nxd4 20.Bxb7 Rab8 21.Bd5 Nf6
22.Rfd1 Nxd5 23.Nxd5 Nf3+ 24.Kf1 Rxb3 25.Ra3 Rxa3 26.Ne7+ Kh8 27.bxa3 g6
28.Rd7 a5 29.Kg2 Ne1+ 30.Kf1 Nf3 31.Ra7 Re8 32.Kg2 Ne1+ 33.Kf1 Nf3 34.Kg2 Ne1+
35.Kh2 Kg7 36.Nc6 Re2 37.Kg3 Re6 38.Nd8 Rf6 39.f4 h6 40.h4 Nd3 41.g5 hxg5
42.fxg5 Rf5 43.Nb7 Nf4 44.Nd6 Nh5+ 45.Kg2 Rf4 46.Rxa5 Rxh4 47.Ra7 Rg4+ 48.Kf3 Rd4
49.Rxf7+ Kg8 50.Rd7 Rd3+ 51.Ke4 Rxa3 52.Rd8+ Kg7 53.Rd7+ Kf8 54.Rf7+ Kg8
55.Rb7 Ra4+ 56.Ke5 Rf4 57.Ne4 Rf5+ 58.Kd6 Rf7 59.Rb8+ Rf8 60.Rb4 Rf7 61.Rb8+ Rf8
62.Rxf8+ Kxf8  1/2-1/2

[Event "WY BU18 2012"]
[Site "Maribor SLO"]
[Date "2012.11.14"]
[Round "7.43"]
[White "Havas,Ja"]
[Black "Esenbek Uulu,Bakai"]
[Result "1/2-1/2"]
[WhiteElo "2135"]
[BlackElo "1984"]

1.Nf3 d5 2.g3 Nf6 3.Bg2 c5 4.d3 Nc6 5.O-O Bg4 6.h3 Bh5 7.Nbd2 e5 8.e4 dxe4
9.dxe4 Be7 10.g4 Bg6 11.Qe2 Qc7 12.c3 O-O 13.Nh4 a6 14.Nf5 b5 15.Re1 Rad8
16.a4 c4 17.axb5 axb5 18.Ra6 Rfe8 19.h4 h5 20.g5 Nd7 21.Qe3 Bc5 22.Qe2 Ba7
23.b4 Nb6 24.Ne3 Rd3 25.Nd5 Qb7 26.Ra3 Ne7 27.Nxb6 Bxb6 28.Nf1 Red8 29.Kh1 Qc7  1/2-1/2

[Event "Brno Open 2012"]
[Site "Brno CZE"]
[Date "2012.11.15"]
[Round "7"]
[White "Wojtczak,M"]
[Black "Chladek,Va"]
[Result "1-0"]
[WhiteElo "2219"]
[BlackElo "2020"]

1.Nf3 d5 2.g3 Nf6 3.Bg2 c6 4.O-O Bf5 5.d3 e6 6.c4 Be7 7.cxd5 exd5 8.Be3 Nbd7
9.Qb3 Qc8 10.Nc3 O-O 11.Rac1 Nc5 12.Qa3 Nxd3 13.Qxe7 Nxc1 14.Rxc1 Re8 15.Qb4 Qd7
16.Bd4 Qe7 17.Qxe7 Rxe7 18.Bxf6 gxf6 19.Nd4 Bg6 20.Bf3 Rd8 21.h4 h6 22.b4 Re5
23.e3 Kg7 24.Nce2 Bd3 25.Nf4 Bc4 26.a3 Kh7 27.Bg4 a5 28.Bf5+ Kh8 29.Nh5 Rd6
30.g4 b6 31.Bc2  1-0

[Event "Brno Open 2012"]
[Site "Brno CZE"]
[Date "2012.11.15"]
[Round "7"]
[White "Vorobyov,Y"]
[Black "Waisberg,A"]
[Result "1-0"]
[WhiteElo "2252"]
[BlackElo "1965"]

1.Nf3 d5 2.g3 c6 3.Bg2 f5 4.O-O Nf6 5.d3 e6 6.Nc3 Bd6 7.e4 fxe4 8.dxe4 Be7
9.Re1 O-O 10.Bh3 dxe4 11.Qxd8 Rxd8 12.Ng5 e5 13.Bxc8 Rxc8 14.Ncxe4 Nxe4 15.Nxe4 Re8
16.Bd2 Nd7 17.Bc3 Nf6 18.Bxe5 Nxe4 19.Rxe4 Bf6 20.Rae1 Bxe5 21.Rxe5 Rxe5
22.Rxe5 Kf7 23.Kf1 Rd8 24.Ke2 Kf6 25.f4 Rd7 26.c3 a6 27.h4 b6 28.g4 c5 29.g5+ Kf7
30.f5 Rd6 31.b3 h6 32.a3 hxg5 33.hxg5 Rc6 34.Rd5 Ke7 35.c4 a5 36.a4 g6 37.Re5+ Kf7
38.f6 Rc7 39.Ke3 Kf8 40.Re6 Rh7 41.Rxb6 Rh5 42.Kf4 Rh1 43.Rb7 Ke8 44.Rg7 Rb1
45.Rxg6 Rxb3 46.Rh6  1-0

[Event "Fujairah Masters 2012"]
[Site "Fujairah City UAE"]
[Date "2012.11.15"]
[Round "3.27"]
[White "AlHuwar,J"]
[Black "Ben Nasser,K"]
[Result "1/2-1/2"]
[WhiteElo "2275"]
[BlackElo "2215"]

1.Nf3 d5 2.g3 c6 3.Bg2 Nf6 4.O-O Bg4 5.c4 e6 6.d3 Bd6 7.Qb3 Qc7 8.Nc3 Nbd7
9.cxd5 exd5 10.e4 dxe4 11.dxe4 O-O 12.Nd4 Rad8 13.h3 Nc5 14.Qc4 b5 15.Ndxb5 cxb5
16.Nxb5 Be6 17.Qc3 Qc8 18.e5 Nd5 19.Qd4  1/2-1/2

[Event "VIII Governor's Cup B"]
[Site "Khanty-Mansiysk RUS"]
[Date "2012.11.15"]
[Round "1"]
[White "Brygov,I"]
[Black "Papayan,O"]
[Result "0-1"]
[WhiteElo "1940"]
[BlackElo "2238"]

1.Nf3 d5 2.g3 c6 3.Bg2 Bg4 4.c4 e6 5.Qb3 Qb6 6.Ne5 Bf5 7.d3 Bd6 8.Nf3 Nf6
9.Nc3 Nbd7 10.Qxb6 Nxb6 11.b3 h6 12.Bb2 O-O 13.O-O a5 14.Rfe1 a4 15.e4 a3
16.Bc1 Bb4 17.Bd2 dxe4 18.Nxe4 Bxd2 19.Nfxd2 Bxe4 20.dxe4 Rfd8 21.Rad1 e5
22.f4 Nfd7 23.Nf3 exf4 24.gxf4 Nc5 25.Nd4 Ne6 26.Ne2 Kf8 27.Kf2 Ke7 28.Ke3 Rd7
29.Nc3 g5 30.fxg5 hxg5 31.Ne2 Rh8 32.h3 f6 33.Rxd7+ Nxd7 34.b4 Ne5 35.Rc1 g4
36.hxg4 Nxg4+ 37.Kf3 Ne5+ 38.Ke3 Rh2 39.Bf3  0-1

[Event "WY BU18 2012"]
[Site "Maribor SLO"]
[Date "2012.11.15"]
[Round "8.33"]
[White "Siagodnik,A"]
[Black "Kokotovic,A"]
[Result "0-1"]
[WhiteElo "2189"]
[BlackElo "2062"]

1.Nf3 d5 2.g3 c6 3.Bg2 Nf6 4.O-O Bg4 5.d4 e6 6.Ne5 Bf5 7.c4 Nbd7 8.Nc3 Be7
9.f4 O-O 10.Kh1 Ne4 11.Qb3 f6 12.Nxd7 Qxd7 13.Nxe4 Bxe4 14.Bxe4 dxe4 15.Be3 a5
16.Rad1 a4 17.Qc3 f5 18.b4 axb3 19.axb3 b5 20.Ra1 b4 21.Qd2 Qb7 22.Rfd1 Rxa1
23.Rxa1 Ra8 24.Rxa8+ Qxa8 25.c5 Qa3 26.Qc2 Qa1+ 27.Kg2 Kf7 28.g4 g6 29.g5 Qc3
30.Qxc3 bxc3 31.Kf1 Bd8 32.Ke1 Ba5 33.Kd1 Ke7 34.Kc2 Kd7 35.Bf2 Kc8 36.Be1 Kb7
37.Bxc3 Bc7 38.e3 Ka6 39.b4 Kb5 40.Kb3 Bd8 41.d5 exd5 42.Bf6 Bc7 43.Be5 Bd8
44.Bd6 Ka6 45.Ka4 d4 46.Kb3 dxe3 47.Be5 e2 48.Bc3 Bc7 49.Be1 Kb5 50.h4 Bxf4
51.Kc3 Be3  0-1

[Event "WY BU18 2012"]
[Site "Maribor SLO"]
[Date "2012.11.15"]
[Round "8.2"]
[White "Gabuzyan,H"]
[Black "Fedoseev,Vl3"]
[Result "0-1"]
[WhiteElo "2500"]
[BlackElo "2509"]

1.Nf3 d5 2.g3 Bg4 3.Bg2 c6 4.O-O Nd7 5.d3 Ngf6 6.Nbd2 e5 7.e4 Bd6 8.Qe1 O-O
9.h3 Bh5 10.Nh4 Re8 11.Nf5 Bf8 12.Nb3 Qb6 13.Bd2 Qa6 14.g4 Bg6 15.Ng3 dxe4
16.dxe4 c5 17.Nc1 c4 18.g5 Nh5 19.Nce2 Nxg3 20.Nxg3 f6 21.h4 fxg5 22.Bxg5 Nc5
23.Bh3 h6 24.h5 Bxh5 25.Nxh5 Qg6 26.Ng3 Qxg5 27.Qe2 b5 28.a4 Nxa4 29.Bd7 Red8
30.Bxb5 Nxb2 31.Bc6 Bc5 32.Kh1 Rd2 33.Qh5 Qxh5+ 34.Nxh5 Rf8 35.Ra5 Bd4 36.Rd5 Nd1
37.f4 Ne3 38.Rg1 Nxd5 39.Rxg7+ Kh8 40.Bxd5 Rb8 41.Bb7 exf4 42.e5 f3 43.Rf7 Bxe5  0-1

[Event "WY GU16 2012"]
[Site "Maribor SLO"]
[Date "2012.11.15"]
[Round "8.7"]
[White "Imnadze,N"]
[Black "Dragieva,D"]
[Result "1-0"]
[WhiteElo "2070"]
[BlackElo "2027"]

1.Nf3 d5 2.g3 Nf6 3.Bg2 Bg4 4.d3 Nbd7 5.Nbd2 c6 6.O-O e5 7.e4 Bd6 8.Qe2 O-O
9.h3 Bh5 10.g4 Bg6 11.Nh4 dxe4 12.dxe4 Re8 13.Nxg6 hxg6 14.Nc4 Bf8 15.Bg5 Qc7
16.Rad1 Nh7 17.Bh4 b5 18.Ne3 g5 19.Bg3 Bc5 20.Rd3 Ndf8 21.Rfd1 f6 22.Qd2 g6
23.h4 gxh4 24.Bxh4 Be7 25.Qc3 Qb6 26.g5 Rad8 27.gxf6 Rxd3 28.Rxd3 Bxf6 29.Bg3 Qa6
30.Ng4 Bg7 31.a3 Nf6 32.Bxe5 Nh5 33.Bxg7  1-0

[Event "WY BU14 2012"]
[Site "Maribor SLO"]
[Date "2012.11.15"]
[Round "8.55"]
[White "Guo,Hong-Da Tony D."]
[Black "Ozmen,Mustafa Lutfi Poyraz"]
[Result "0-1"]
[WhiteElo "1920"]
[BlackElo "1723"]

1.Nf3 d5 2.g3 Nf6 3.Bg2 Bg4 4.d3 e6 5.Nbd2 Be7 6.O-O O-O 7.b3 Nbd7 8.Bb2 c6
9.h3 Bh5 10.c4 b5 11.d4 bxc4 12.bxc4 Rb8 13.Qc1 h6 14.e3 Bg6 15.Ba3 Bxa3
16.Qxa3 Qb6 17.Rfc1 Rb7 18.Nb3 Rfb8 19.Nfd2 Qb4 20.Qxb4 Rxb4 21.cxd5 cxd5
22.Na5 Rb2 23.Ndb3 Kh7 24.Rc7 a6 25.Nc6 Rb6 26.Ne7 Bb1 27.Nc5 Nxc5 28.dxc5 Rb7
29.Rxb7 Rxb7 30.c6 Rxe7 31.Rxb1 Rc7 32.Rb6 a5 33.Bf1 Ne4 34.Bd3 f5 35.Bb5 Nd6
36.a4 Kg6 37.Ra6 Nc4 38.Kf1 Kf6 39.Ke2 Ke7 40.Kd3 Ne5+ 41.Kd4 Kd6 42.f4 Nxc6+
43.Bxc6 Rxc6 44.Rxc6+ Kxc6 45.Ke5 Kc5 46.Kxe6 Kb4 47.Kxd5 Kxa4 48.Kc4 h5
49.h4 g6 50.Kc3 Kb5 51.e4 fxe4 52.g4 hxg4 53.f5 g3 54.f6 g2 55.f7 g1=Q 56.f8=Q Qc5+  0-1

[Event "22nd World Seniors Open"]
[Site "Kamena Vourla GRE"]
[Date "2012.11.16"]
[Round "4.38"]
[White "Urbanc,V"]
[Black "Davydov,M"]
[Result "0-1"]
[WhiteElo "1916"]
[BlackElo "2034"]

1.Nf3 d5 2.g3 Nf6 3.Bg2 e6 4.O-O c5 5.d4 Nc6 6.a3 b6 7.c4 Bb7 8.cxd5 exd5
9.Nc3 Be7 10.Qa4 O-O 11.Rd1 c4 12.Nh4 Na5 13.Nf5 Bc6 14.Nxe7+ Qxe7 15.Qc2 Nb3
16.Rb1 Nxc1 17.Rbxc1 Rfd8 18.f3 b5 19.e4 a5 20.e5 Ne8 21.f4 b4 22.Nb1 Qd7
23.b3 Rac8 24.Re1 c3 25.axb4 axb4 26.f5 Nc7 27.Qf2 Bb5 28.Nxc3 bxc3 29.Rxc3 Ne8
30.e6 Qd6 31.exf7+ Kxf7 32.Rce3 Rc7 33.Re6 Qd7 34.f6 Nxf6 35.Bh3 Kg8 36.Kg2 Qf7
37.Rb6 Bd7 38.Bxd7 Rcxd7 39.Qf5 Ne4 40.Rf1 Rf8 41.Qxf7+ Rdxf7 42.Rc1 Rf2+
43.Kh3 h6 44.Rc7 Ng5+ 45.Kg4 Rxh2 46.Rbb7 Ne6  0-1

[Event "VIII Governor's Cup"]
[Site "Khanty-Mansiysk RUS"]
[Date "2012.11.17"]
[Round "3.5"]
[White "Ponkratov,P"]
[Black "Geller,J"]
[Result "1/2-1/2"]
[WhiteElo "2589"]
[BlackElo "2559"]

1.Nf3 d5 2.g3 Nf6 3.Bg2 c6 4.O-O Bf5 5.d3 e6 6.Nh4 Bg4 7.Qe1 Be7 8.e4 Nfd7
9.f4 O-O 10.h3 Bh5 11.Nf3 dxe4 12.dxe4 Bxf3 13.Rxf3 e5 14.Nd2 Bf6 15.Nc4 Qe7
16.Rd3 Na6 17.Rd1 Qc5+ 18.Ne3 Rad8 19.Kh1 Rfe8 20.Qe2 Nf8 21.Ng4 Rxd1+ 22.Qxd1 Qe7
23.c3 Nc5 24.Be3 Nxe4 25.Bxe4 exf4 26.Nxf6+ gxf6 27.Qg4+ Kh8 28.Qxf4 Qxe4+
29.Qxe4 Rxe4 30.Bh6 Re8 31.Rd1 f5 32.Bxf8 Rxf8 33.Rd7 b5 34.Kg2 Kg7 35.Kf3 a5
36.Rd6 Rc8 37.Kf4 Re8 38.Rxc6 Re2 39.b3 Rxa2 40.Rc5 Rc2 41.Rxb5  1/2-1/2

[Event "FIDE WCh Women World Cup"]
[Site "Khanty-Mansiysk RUS"]
[Date "2012.11.17"]
[Round "3.1"]
[White "Galliamova,A"]
[Black "Sebag,M"]
[Result "0-1"]
[WhiteElo "2468"]
[BlackElo "2521"]

1.Nf3 d5 2.g3 Nf6 3.Bg2 c6 4.O-O Bg4 5.c4 e6 6.cxd5 exd5 7.h3 Bxf3 8.Bxf3 Nbd7
9.Bg2 Bc5 10.d3 O-O 11.e4 dxe4 12.dxe4 Re8 13.Qc2 Qe7 14.Nc3 Rad8 15.Bd2 Ne5
16.Rae1 Qd6 17.Re2 Qd3 18.Qxd3 Nxd3 19.b3 Bd4 20.Kh2 Nc5 21.f3 Be5 22.Nd1 Bc7
23.Ne3 Nh5 24.Be1 Nd3 25.f4 Nxe1 26.Rexe1 g5 27.Bf3 Nxg3 28.Kxg3 gxf4+ 29.Kh4 fxe3
30.Rxe3 Rd4 31.Rfe1 f5 32.R3e2 Kg7 33.Rg2+ Kh6 34.Rge2 Rg8 35.Bg4 f4  0-1